Analýza zraniteľnosti globálnych zásobovacích reťazcov

Charakteristika rizík v zásobovacích reťazcoch. Analýza zraniteľnosti ako súčasť riadenia zásobovacieho reťazca.

Gespeichert in:
Bibliographische Detailangaben
1. Verfasser: Devečka, Martin
Format: Buchkapitel
Sprache:Slowakisch
Schlagworte:
Tags: Tag hinzufügen
Keine Tags, Fügen Sie das erste Tag hinzu!

MARC

LEADER 00000nla$a2200000$$$4500
001 0120627
005 20240502072348.0
041 0 |a slo 
044 |a SK 
245 1 0 |a Analýza zraniteľnosti globálnych zásobovacích reťazcov  |c Martin Devečka 
520 |a Charakteristika rizík v zásobovacích reťazcoch. Analýza zraniteľnosti ako súčasť riadenia zásobovacieho reťazca. 
610 2 0 |a reťazce distribučné 
610 2 0 |a zásobovanie 
610 2 0 |a riziko 
610 2 0 |a analýzy 
610 2 0 |a riadenie reťazcov dodávateľských 
100 1 |a Devečka, Martin